[Event "Belgrade Investbank"]
[Site "Belgrade"]
[Date "1991.??.??"]
[Round "?"]
[White "Damljanovic, Branko"]
[Black "Seirawan, Yasser"]
[Result "1-0"]
[WhiteElo "2585"]
[BlackElo "2615"]
[Annotator "Horn,Pe"]
[PlyCount "117"]
[EventDate "1991.11.??"]
[EventType "tourn"]
[EventRounds "11"]
[EventCountry "YUG"]
[EventCategory "15"]
[SourceTitle "CBM 027"]
[Source "ChessBase"]
[SourceDate "1992.04.01"]
[SourceVersion "1"]
[SourceVersionDate "1992.04.01"]
[SourceQuality "1"]

1. Nf3 d5 2. c4 d4 3. g3 Nc6 4. Bg2 e5 5. O-O g6 (5... e4 $6 6. Ne1 Nf6 7. d3
Bf5 (7... exd3 8. Nxd3) 8. Bg5 exd3 9. Nxd3 $14) 6. d3 Bg7 7. Nbd2 a5 8. b3 (8.
Rb1 Nf6 9. b3 O-O 10. a3 Qe7 11. b4 $2 (11. Qc2) (11. Ne1 Nd7 12. Nc2 Nc5 13.
Ne4 Na6 {Osnos}) 11... axb4 12. axb4 Nxb4 13. Nxe5 Na2 $19 {Lobron-Kortschnoj,
Bad Kissingen 1981}) 8... Nge7 9. a3 Bd7 10. Rb1 Rb8 11. Qc2 O-O 12. Ne4 h6 (
12... f5 13. Nc5 $14) 13. b4 axb4 14. axb4 b5 (14... b6 15. b5 Na5 16. Ba3 $13
(16. c5 $13)) 15. Nc5 Be8 16. Bd2 Nf5 17. Na6 Rb6 18. cxb5 Rxb5 19. Nh4 Nxh4
20. Bxc6 Bxc6 21. Qxc6 Rb6 22. Qc4 Qa8 23. gxh4 Rxa6 24. Qxc7 Rc8 25. Qd7 Ra2
26. Rfd1 Rcc2 (26... Bf8 27. b5 $16) 27. b5 $5 (27. Rdc1 $16) 27... Rxd2 28.
Rdc1 $2 (28. Rxd2 Rxd2 29. b6 Rc2 (29... Rb2 30. Rxb2 Qa1+ 31. Kg2 Qxb2 32. b7
$18) 30. b7 Qb8 31. Ra1 $18) 28... Bf8 $2 (28... Rdc2 29. b6 (29. Rxc2 Rxc2 30.
b6 Qc8 $19) 29... Rab2 30. Ra1 Rxc1+ (30... Qb8 31. Rxc2 (31. Ra7 Rxc1+ 32. Kg2
Qf8) 31... Rxc2 32. Ra7 Qf8 33. b7 $18) 31. Rxc1 Bf8 32. f3 Rxb6 $19) 29. Rc7
Be7 (29... Rxe2 30. Qxf7+ Kh8 31. Qh7#) 30. Rc8+ $18 (30. Qxe7 Qf8 31. Qxf8+
Kxf8 32. b6 Rxe2 33. b7 Rxf2 34. b8=Q+ Kg7 35. Qb7 $18) 30... Qxc8 31. Qxc8+
Kg7 32. Qc7 Bxh4 33. Qxe5+ Bf6 34. Qf4 Rxe2 35. b6 Reb2 36. Rxb2 Rxb2 37. Qc7
Rb5 38. b7 Be5 39. Qxe5+ Rxe5 40. b8=Q Rg5+ 41. Kf1 Rg4 42. Qe5+ Kg8 43. h3 Rh4
44. Kg2 g5 45. Qf6 Kf8 46. Kg3 Kg8 47. Qd8+ Kg7 48. Qd6 f6 49. Qb8 Kf7 50. Qh8
Ke7 51. Qg8 Kd6 52. Qe8 Kd5 53. Qe7 Rf4 54. Qh7 Kc5 55. Qxh6 Kb4 56. h4 Rxh4
57. Qxf6 Kc3 58. Qxg5 Rh1 59. Qb5 1-0

[Event "ESP-ch Gp A"]
[Site "Cala Mendia"]
[Date "2001.11.21"]
[Round "5"]
[White "Cacho Reigadas, Sergio"]
[Black "Gomez Esteban, Juan Mario"]
[Result "1-0"]
[WhiteElo "2463"]
[BlackElo "2499"]
[Annotator "Horn,Pe"]
[PlyCount "149"]
[EventDate "2001.11.17"]
[EventType "tourn"]
[EventRounds "5"]
[EventCountry "ESP"]
[EventCategory "11"]
[SourceTitle "CBM 086"]
[Source "ChessBase"]
[SourceDate "2002.02.05"]
[SourceVersion "1"]
[SourceVersionDate "2002.02.05"]
[SourceQuality "1"]

1. Nf3 d5 2. g3 c5 3. c4 d4 4. b4 cxb4 5. a3 bxa3 6. Bxa3 Nc6 7. Bg2 Nf6 8. d3
e5 9. Bxf8 Kxf8 10. O-O (10. Nbd2 g6 11. O-O Kg7 12. Qa4 Re8 13. Ng5 Qe7 14.
Rfb1 Ng4 15. Ngf3 Rb8 16. Nb3 Bd7 17. Nfd2 Rec8 18. Qa3 Qxa3 19. Rxa3 $44 {
Hernandez,G-Gamundi Salamanca,A/Cordoba 1995}) 10... g6 11. Qa4 $146 (11. Na3
Kg7 12. Ra2 Qe7 13. Qa1 Rd8 14. Nc2 Kg8 15. Rb1 Nd7 16. Nd2 Nc5 17. Ne4 Ne6 $17
{Todorov,O-Stefanov,K/Bankia 1992}) 11... Kg7 12. Nfd2 $5 {Eigentlich ist erst
das neu, denn} ({mit} 12. Nbd2 Re8 {konnte die Stellung obiger Partie
herbeigeführt werden.}) 12... Bg4 ({Auf das "normale"} 12... Re8 {kann Weiß
den P wieder zurückgewinnen:} 13. Bxc6 bxc6 14. Qxc6 {wonach Schwarz noch} Bg4
$13 {versuchen kann.}) 13. Re1 Rc8 14. Nb3 Qe7 15. N1d2 ({Mit} 15. Bxc6 {
war der P ähnlich wie oben zurückzugewinnen. Es wäre interessant, zu wissen,
was Weiß hier fürchtete.} {Weiß verliert zwar die Kontrolle über die a-Linie;
allzu schlimm scheint mir das nicht:} bxc6 16. Qxa7 Qxa7 17. Rxa7 Ra8 18. Rxa8
Rxa8 {Möglicherweise störte Weiß die eingetretene Vereinfachung?}) 15... Rc7
16. Qa3 Re8 17. Qxe7 Rexe7 18. Bxc6 bxc6 19. Ra5 Rb7 20. f3 Bc8 21. Rea1 $44
Ne8 22. Kf2 Nd6 23. Nc5 Rb2 (23... Rbc7) 24. Ncb3 a6 25. R1a2 Rxa2 26. Rxa2 Rb7
(26... Nf5) 27. Ra5 (27. Rxa6 {gewinnt einen P, aber nicht die Partie:} Rxb3
28. Rxc6 Rb2 29. Ke1 Nf5 30. Rxc8 Ne3 $132) 27... f6 28. f4 exf4 (28... Nf7 29.
fxe5 fxe5 30. Nc5 $44 (30. e3 dxe3+ 31. Kxe3)) 29. gxf4 ({Mit} 29. Nxd4 $5 {
konnte der P wieder kassiert werden:} Rb2 (29... fxg3+ 30. hxg3 Rc7 (30... Rb2
31. N2f3 Bb7 32. Ne6+) 31. Rxa6) 30. N2f3 fxg3+ 31. hxg3 {mit einiger
Vereinfachung.}) 29... Nf5 30. Ra3 Rd7 31. Nf3 h6 32. h4 Kf7 33. Ra4 Ke7 34.
Ra5 Kd8 $2 {Hier war Schwarz nicht genügend audmerksam.} (34... Rd8) 35. h5 $1
Rg7 (35... Kc7 36. hxg6 Rg7 37. Nbxd4 $16 {[%csl Ra6,Gc4,Rc6,Gd3,Ge2,Gf4,Rf6,
Rh6]}) 36. Nbxd4 Nxd4 37. Nxd4 $18 {Das ist das Endspiel, von dem Weiß träumt:
die schwarzen P sind zersplittert.} gxh5 ({Auch nach} 37... Kd7 {wird Weiß
mindestens noch einen P kassieren:} 38. hxg6 Rxg6 39. Rh5 Kd6 40. c5+ Kc7 41.
f5 Rg5 42. Rxh6 Bxf5 43. Rxf6 Bd7 44. Nb3) 38. Rxa6 (38. Rxh5 $5) 38... Bxa6
39. Ne6+ Kd7 40. Nxg7 h4 41. Nf5 Ke6 42. e4 Kf7 43. Nxh4 Bc8 44. f5 c5 45. Ng2
Bd7 46. Nf4 Ke7 47. Nd5+ Kf7 48. Kg3 Ba4 49. Ne3 Bb3 50. Kf4 Ba2 51. Nd5 Bb1
52. Ke3 Bc2 53. Nf4 Ke7 54. d4 cxd4+ 55. Kxd4 Ba4 (55... Bd1 56. Nd5+ Kf7 57.
c5 Ba4) 56. c5 Kf7 57. Nh5 Bc6 58. Ng3 Ke7 59. e5 fxe5+ 60. Kxe5 Be8 61. Ne4 h5
62. f6+ Kd7 63. Ng5 h4 64. Kd5 (64. f7 $4 Bxf7 65. Nxf7 $4 h3 $19) 64... Kc7
65. Ne6+ Kc8 66. Nf4 Kc7 67. Ke6 Kd8 68. Kd6 Bf7 69. c6 Kc8 70. c7 Bg8 71. Nh3
Bf7 72. Ng5 Bg8 73. f7 Bxf7 74. Nxf7 h3 75. Ke5 1-0

[Event "Olympiad-34"]
[Site "Istanbul"]
[Date "2000.11.05"]
[Round "8.2"]
[White "Markowski, Tomasz"]
[Black "Short, Nigel D"]
[Result "0-1"]
[WhiteElo "2568"]
[BlackElo "2677"]
[Annotator "Horn,Pe"]
[PlyCount "80"]
[EventDate "2000.10.28"]
[EventType "team-swiss"]
[EventRounds "14"]
[EventCountry "TUR"]
[SourceTitle "EXT 2001"]
[Source "ChessBase"]
[SourceDate "2000.11.22"]
[SourceVersion "1"]
[SourceVersionDate "2000.11.22"]
[SourceQuality "1"]
[WhiteTeam "Poland"]
[BlackTeam "England"]
[WhiteTeamCountry "POL"]
[BlackTeamCountry "ENG"]

1. Nf3 d5 2. g3 Nc6 3. c4 d4 4. Bg2 e5 5. O-O Nf6 6. d3 a5 7. e3 Be7 8. exd4
exd4 9. Na3 (9. Bg5) (9. Bf4) 9... Nd7 (9... O-O 10. Nb5 (10. Bf4 Nb4 11. Nb5
c6 (11... c5) 12. Bc7 Qe8 13. Nbxd4 $16 {Hickl,J-Borik,O/Germany 1993}) (10.
Nc2 h6 11. b3 Bg4 12. h3 Bf5 13. Bb2 Bc5 14. a3 Qd7 15. Kh2 Ra6 16. b4 axb4 17.
axb4 $14 {Dumitrache,D-Miladinovic,I/Varna 1994}) 10... Ne8 (10... Bg4 11. h3
Bxf3 12. Qxf3 Nd7 13. Bf4 Rc8 14. h4 Nc5 15. Bh3 f5 16. a3 h6 17. Rae1 g5 18.
hxg5 hxg5 19. Bc1 Qd7 20. Qd5+ $14 {Vukanovic,S-Nestorovic,D/Belgrade 1991}) (
10... Bf5 11. Bf4 Ne8 (11... Rc8 12. Ne5 Nxe5 13. Bxe5 Nd7 (13... c6 14. Nxd4
Bg6 15. Bh3 Nd7 16. Nf3 $16 {Lukov,V-Schlichtmann,G/Krumbach 1991}) (13... Bg4
14. Bf3 Bxf3 15. Qxf3 c6 16. Nxd4 Nd7 17. Bf4 Bf6 18. Nf5 Bxb2 19. Rab1 $18 {
Szekely,P-Brancaleoni,M/Bratto 1999}) 14. Nxd4 (14. Bxd4 c6 15. Nc3 c5 16. Be3
Ne5 {1/2-1/2 Konietzka,L-Kern,G/Recklinghausen 2000}) 14... Bg6 15. Nf3 Nxe5
16. Nxe5 Qd4 {1/2-1/2 Hutters,T-Kalinitschew,S/Germany 1994}) 12. Ne5 Ra6 13.
g4 $2 Bc8 14. Re1 Nxe5 15. Bxe5 Rg6 16. Re4 c5 $15 {Scafarelli,F-Schmid,L/
Chaumont Neuchatel 1958}) 11. Re1 Bf6 12. Bf4 Be6 13. h3 Na7 14. Nxa7 Rxa7 15.
Qd2 h6 16. Be5 c5 17. g4 b6 18. b3 Bc8 $11 {Nalbandian,T-Minasian,A/Yerevan
1996}) 10. Re1 (10. Nc2 Nc5 11. b3 O-O 12. Ba3 Bg4 13. Re1 Bd6 14. h3 Bh5 15.
Qd2 Qf6 16. Bxc5 Bxc5 17. Ng5 Bg6 18. Ne4 Bxe4 19. Bxe4 Nb4 20. Bxb7 Rae8 21.
Bg2 {1/2-1/2 Dizdar,G-Hodgson,J/Zillertal 1993}) 10... O-O 11. Nb5 Nc5 12. Bf4
(12. Nbxd4 Nxd4 13. Nxd4 Bf6 {bringt Weiß nichts ein.}) (12. Ne5 Nxe5 13. Rxe5
Be6 14. Bf4) 12... Ne6 (12... Na6 13. a3 (13. Ne5 $5) 13... Bf6 14. Qd2 h6 15.
h4 a4 16. Kh2 Bd7 17. h5 Bg4 18. Ne5 Nxe5 19. Bxe5 c6 $132 {Gufeld,E-Ubilava,E/
Tbilisi 1988} (19... Nc5 $5)) 13. Rxe6 $146 {Weiß bekommt einen Bauern und
dazu einiges an positioneller Kompensation für die Qualität.} (13. Bd2 Nb4 14.
Bf1 Re8 15. Na3 Nc5 16. Bxb4 axb4 17. Nc2 Ne6 18. Qd2 c5 $11 {Palermo,V-Braga,
F/Mar del Plata 1999}) 13... fxe6 (13... Bxe6 {führt ebenfalls zu einem Pe6:}
14. Nxc7 (14. Bxc7 Qd7 $13) 14... g5 15. Nxe6 fxe6 16. Bd2 $44) 14. Bxc7 Qd7
15. Qe2 Bf6 16. Re1 Na7 $1 17. Bd6 Rd8 18. Ne5 ({Weiß kann remis erreichen:} 
18. Bc7 Rf8 $11 (18... Re8 19. Nd6 Re7 20. Nxc8 Rxc8 21. Bxa5 $14)) 18... Bxe5
19. Bxe5 Nxb5 20. cxb5 Qxb5 21. Qg4 Qd7 (21... g6 $6 22. Qh4 Rf8 23. Qxd4 $14)
22. Re4 Qe7 23. Rf4 $6 (23. Rxd4 Rd5 $5 (23... Rxd4 24. Qxd4 $14) 24. Rxd5 (24.
Bxd5 exd5 25. Qh5) 24... exd5 25. Bxd5+ Kh8 (25... Kf8 $2 26. Qf3+ Ke8 27. Bc6+
$18) 26. Qe4 Bh3 27. Bc3 $13 (27. Bxb7 Rf8 $13)) (23. Bxg7 $5 e5 $1 (23... Qxg7
24. Qh4 $18) 24. Bf6+ $1 Bxg4 25. Rxg4+ Kf8 26. Bxe7+ Kxe7 27. Bxb7 Ra7 28. Be4
$14) 23... Rd5 $1 {Short sucht das Gegenspiel.} 24. Bxd5 exd5 25. Qe2 (25. Qh5
$2 g6 26. Qe2 Bh3 27. Rxd4 Rc8 28. f4 Rc1+ 29. Kf2 Qc5 30. Ke3 Rc2 $17) 25...
Bh3 {Nun müßte nur noch der Ra8 auf die weiße Grundreihe...} 26. Qh5 $1 (26.
Rxd4 $2 Rc8 27. f4 Rc1+ 28. Kf2 Qc5 29. Ke3 h5 $1 $19) 26... Qe6 27. Qg5 (27.
g4 Re8 (27... Rc8 28. Qxh3 Qxe5 29. Qf3 $11) 28. Qxh3 Qxe5 29. Qf3 $11) 27...
Qd7 28. Rxd4 $2 ({Weiß sollte zunächst den lästigen Bh3 vertreiben:} 28. Rh4
Be6 29. Bxd4 Rc8) 28... h6 $1 29. Qe3 Re8 30. Rh4 (30. f4 Qc8 $17) 30... Qf5
31. f4 {[%csl Rh4] Mit dem deplazierten R hat Schwarz nun so seine Probleme.}
Qc8 32. Qd2 Re6 {[%cal Re6c6]} 33. Bc3 (33. Bxg7 $2 Kxg7 34. Rxh3 Rc6 $19) (33.
a4 Rc6 34. Bc3 d4 $19) ({Vielleicht war hier} 33. Rxh3 $5 {spielbar:} Rc6 34.
Qxa5 Rc1+ ({Nach} 34... Qxh3 35. Qxd5+ Kh7 36. Bc3 Re6 $13 {hat Weiß einige
Bauern eingesammelt.}) 35. Kg2 Qc2+ 36. Kf3 Qd1+ 37. Ke3 Qg1+ 38. Kf3 $11 {
und ich sehe kein Matt.}) 33... Re7 (33... Rc6 34. Qe3) 34. Qf2 $2 ({Die beste
Chance bestand in} 34. Bxa5) 34... b5 $1 {Nun öffnet sich die c-Linie für die
schwarzen Schwerfiguren mit entscheidender Wirkung.} 35. Rh5 (35. a3 $2 {
ist nutzlos:} b4 $1 36. axb4 axb4 37. Bd2 Qc2 $19) (35. Qd2 b4 36. Be5 Re6 $19)
35... b4 36. Bd2 Qc2 $19 37. Re5 Rxe5 38. fxe5 Qxb2 39. e6 Bxe6 40. Qb6 Bf7 0-1

[Event "CHN-CIS"]
[Site "Beijing"]
[Date "1991.??.??"]
[Round "?"]
[White "Anastasian, Ashot"]
[Black "Ye, Rongguang"]
[Result "0-1"]
[WhiteElo "2485"]
[BlackElo "2515"]
[Annotator "Horn,Pe"]
[PlyCount "132"]
[EventDate "1991.??.??"]
[EventType "team"]
[EventRounds "9"]
[EventCountry "CHN"]
[SourceTitle "CBM 028"]
[Source "ChessBase"]
[SourceDate "1992.06.01"]
[SourceVersion "1"]
[SourceVersionDate "1992.06.01"]
[SourceQuality "1"]

1. Nf3 d5 2. c4 dxc4 3. e3 Nf6 4. Bxc4 e6 5. b3 (5. O-O c5 6. d4 {
=angenommenes Damengambit}) 5... c5 6. Bb2 Be7 7. O-O O-O 8. a3 (8. d4 $10)
8... a6 9. Be2 b6 (9... b5 10. a4 $5) 10. d3 Bb7 $10 11. Nbd2 Nd5 12. Rc1 Nd7
13. Rc2 Bf6 14. Qb1 Qe7 15. Bxf6 Qxf6 16. Rfc1 Rac8 17. Ne4 Qe7 18. Qb2 e5 19.
Nc3 N5f6 20. Nd2 (20. b4 $5) 20... a5 21. h3 h6 22. Nde4 Ne8 23. Na2 f5 24. Nd2
f4 25. e4 Nc7 {><d4} 26. b4 axb4 27. axb4 Ne6 28. Nf3 (28. bxc5 $2 Nd4 $19)
28... Qd6 29. bxc5 Rxc5 30. Rxc5 Nexc5 31. Nb4 Ra8 32. Nd2 b5 33. Nd5 $6 Rb8 (
33... Bxd5 34. exd5 Qxd5 $2 (34... Rb8 $1 35. d4) 35. Bf3) 34. Nb3 $2 (34. Qxb5
$4 Bxd5 $19) (34. Nb4 $10) 34... Bxd5 35. Nxc5 Nxc5 36. exd5 b4 $1 $17 (36...
Qxd5 $2 37. d4 $1 exd4 $2 38. Bc4 $18) 37. Rc4 (37. d4 Na4 38. Qa1 Nc3 $19)
37... b3 38. d4 exd4 39. Rxd4 Qf6 40. d6 Rb4 41. Rd2 Qxb2 42. Rxb2 Rd4 (42...
Na4 $2 43. Rxb3 Rxb3 44. Bc4+ $16) 43. Rb1 Kf8 44. Bd1 Rd3 45. Kf1 Ke8 46. Ke2
Kd7 47. Rc1 Kxd6 48. Rxc5 Rxd1 49. Rb5 Rb1 50. Kf3 Kc6 51. Rb8 Kc5 52. Kxf4 Kc4
53. Rb7 Re1 54. Rc7+ Kd3 55. Rd7+ Kc2 56. Rc7+ Kd2 57. Rd7+ Kc1 58. Rc7+ Kb1
59. Rxg7 b2 60. g4 Kc2 61. Rb7 b1=Q 62. Rxb1 Rxb1 63. h4 Kd3 64. g5 Rb4+ 65.
Ke5 Re4+ 66. Kf5 Rxh4 0-1

[Event "Capablanca Memorial-A"]
[Site "Cienfuegos"]
[Date "1991.??.??"]
[Round "7"]
[White "Nogueiras Santiago, Jesus"]
[Black "Sariego Figueredo, Wilfredo"]
[Result "0-1"]
[WhiteElo "2535"]
[BlackElo "2420"]
[Annotator "Horn,Pe"]
[PlyCount "78"]
[EventDate "1991.??.??"]
[EventType "tourn"]
[EventRounds "13"]
[EventCountry "CUB"]
[EventCategory "10"]
[SourceTitle "CBM 026"]
[Source "ChessBase"]
[SourceDate "1992.02.01"]
[SourceVersion "1"]
[SourceVersionDate "1992.02.01"]
[SourceQuality "1"]

1. Nf3 {Ernst} d5 2. c4 d4 3. a3 a5 4. e3 Nc6 {N} (4... c5 5. exd4 cxd4 6. d3
Nc6 7. g3 e5 8. Bg2 {Suba-Hawes, Blackpool zt 1990}) 5. exd4 Nxd4 6. Nxd4 Qxd4
7. Nc3 e5 8. d3 Nf6 9. Be3 Qd8 10. Be2 (10. d4 $5 exd4 11. Qxd4 Qxd4 12. Bxd4
$14) 10... Be7 11. O-O O-O 12. h3 Nd7 13. f4 (13. d4 $5) (13. Rb1 $5 {/\ b4})
13... exf4 14. Bxf4 Bg5 15. Bxg5 (15. Qd2 Bxf4 16. Qxf4) 15... Qxg5 16. d4 $14
Ra6 17. Qc1 Qd8 18. Qd2 Rg6 19. Bd3 Rh6 20. Rad1 (20. Bf5 $5 $14) 20... Nb6 21.
Rf4 $6 (21. d5 $14 {/\ c5}) 21... c6 22. Qf2 f5 $1 {/\ g5} 23. h4 g5 24. hxg5
Qxg5 {/\ Qh5} 25. Be2 (25. Ne4 $2 Qh5 26. Qg3+ Rg6 $19) (25. d5 $13) (25. Rf1
Qh5) 25... Nd7 26. Rd3 {/\ Rg3} Rg6 27. Rh3 $2 (27. g3 $10) 27... Nf6 $17 28.
Rh2 $2 (28. d5 $6 cxd5 29. cxd5 Re8 $17 {/\ Ne4-/+}) (28. Kh2 h5 {/\ Ng4->})
28... b5 $1 29. cxb5 cxb5 {/\ b4,Ne4} 30. Nxb5 (30. Bxb5 Ng4 $19) 30... Re8 $1
$19 31. Nd6 (31. Nc3 $44 {Ernst}) 31... Rxe2 32. Qxe2 Qxf4 33. Qc4+ (33. Nxc8 {
Ernst} Qc1+ $19) 33... Kh8 (33... Kg7 $4 {Ernst} 34. Qf7+ Kh8 35. Qf8+ $18) 34.
Qxc8+ Rg8 35. Nf7+ Kg7 36. Qb7 Qxd4+ 37. Kf1 Qd1+ 38. Kf2 Ne4+ 39. Ke3 Qd2+ 0-1

[Event "Evry 1st"]
[Site "Evry"]
[Date "2001.03.18"]
[Round "4"]
[White "Bricard, Emmanuel"]
[Black "Inkiov, Ventzislav"]
[Result "1-0"]
[WhiteElo "2445"]
[BlackElo "2448"]
[Annotator "Horn,Pe"]
[PlyCount "79"]
[EventDate "2001.03.??"]
[EventType "tourn"]
[EventRounds "9"]
[EventCountry "FRA"]
[EventCategory "8"]
[SourceTitle "CBM 083"]
[Source "ChessBase"]
[SourceDate "2001.07.05"]
[SourceVersion "1"]
[SourceVersionDate "2001.07.05"]
[SourceQuality "1"]

1. Nf3 d5 2. g3 c5 3. c4 d4 4. b4 f6 5. Bg2 e5 6. O-O Nh6 7. e3 $146 {Macht
einen guten Eindruck.} (7. d3 Nf7 8. e3 Nc6 9. b5 Ne7 10. exd4 cxd4 11. Re1 (
11. Ba3 $5 {leuchtet mir mehr ein.}) 11... Ng6 12. h4 Bb4 13. Bd2 Bc5 14. a3 a5
15. h5 Ne7 16. Nh2 O-O 17. Bc1 a4 18. Nd2 Nd6 19. Ne4 Nxe4 20. Bxe4 Ra7 $13 {
McNab,C-Ionescu,C/Moscow 1994}) 7... Nf5 (7... Nf7 {hätte ich eher erwartet.})
8. exd4 cxd4 9. d3 a5 {Inkiov kämpft um das Feld c5.} (9... Bxb4 $2 10. Qa4+
Nc6 11. Nxe5 fxe5 12. Bxc6+ bxc6 13. Qxb4 $16 {[%csl Re8]}) (9... Nc6 {könnte
zu ähnlichen Stellungen wie oben in McNab-Ionescu führen.} 10. b5 Nce7) 10. b5
Nd7 11. Nbd2 Nc5 12. Ba3 {Wenn es Schwarz gelänge, eine Blockade auf c5
aufzubauen, stünde er nicht übel: deswegen unternimmt Weiß konsequente
Maßnahmen dagegen.} Qc7 13. Nb3 a4 $2 {Das verschlimmert die Lage nur: der Pa4
hat nicht genügend Unterstützung durch die schwarzen Kräfte.} (13... Nxb3 14.
axb3 Bxa3 15. Rxa3 $14) (13... Be6 14. Bxc5 Bxc5 15. Nxc5 Qxc5 16. Nd2) 14.
Nxc5 Bxc5 15. Bxc5 Qxc5 16. Nd2 O-O (16... Nd6 {war die Alternative.} {Weiß
kann einfach mit} 17. Ne4 {einen kleinen Vorteil behaupten:} ({oder mit dem
energischen} 17. f4 {sofort für Verwicklungen sorgen:} Nf5 (17... exf4 $2 18.
Rxf4 O-O 19. Qf3 $16 {[%csl Rd4]}) 18. Ne4 Qe7 19. fxe5 fxe5 {Verglichen mit
der Partie hat Schwarz Zeit (2 Tempi) verloren; dafür hat er die Option auf
das Feld e3. Das ist mindestens ein sehr riskantes Geschäft.}) 17... Nxe4 18.
Bxe4 O-O 19. Qh5 g6 20. Qh6 $14) 17. Ne4 Qe7 (17... Qa3 $6 {setzt die schwarze
Q langfristigen Umzingelungen aus.}) 18. Qd2 Be6 19. a3 {[%cal Yd2b4]} b6 20.
Qb4 {Hier kann man recht sicher feststellen, daß das schwarze Konzept
gescheitert ist: Schwarz konnte die weiße Majorität am Damenflügel nicht
zähmen.} Qa7 (20... Qxb4 21. axb4 a3 22. Ra2 $16) 21. c5 Rab8 22. cxb6 {
[%cal Ye4c5] Geradlinig gespielt.} (22. c6 {gäbe Schwarz bessere Hoffnungen,
zu überleben.}) 22... Qxb6 (22... Rxb6 23. Nc5) 23. Nc5 Rfd8 24. Nxe6 Qxe6 25.
Qxa4 $18 {Neben den sonstigen Vorteilen hat Weiß nun auch noch einen
Mehrbauern.} Nd6 (25... Rdc8 26. Rfb1) 26. Rfb1 e4 27. Qxd4 f5 (27... exd3 28.
Bd5 Nf7 29. Bxe6 Rxd4 30. a4 $18) 28. dxe4 Nxe4 29. Qe3 Qf6 30. a4 (30. Bxe4
fxe4 31. a4 $18) 30... Nc3 31. Re1 Re8 32. Qc5 f4 33. Qc6 Ne2+ (33... Qxc6 34.
bxc6 Rxe1+ 35. Rxe1 Nxa4 36. c7 Rc8 37. Bc6 $18) 34. Kf1 Qd4 35. Qd5+ Kf8 36.
Qxd4 Nxd4 37. Rxe8+ Kxe8 38. Re1+ Kf7 39. Re4 Ne6 40. Bh3 1-0

[Event "URS-ch U26"]
[Site "Minsk"]
[Date "1990.??.??"]
[Round "?"]
[White "Sorokin, Maxim"]
[Black "Khenkin, Igor"]
[Result "1/2-1/2"]
[WhiteElo "2455"]
[BlackElo "2450"]
[Annotator "Horn,Pe"]
[PlyCount "25"]
[EventDate "1990.01.??"]
[EventType "tourn"]
[EventRounds "13"]
[EventCountry "URS"]
[EventCategory "10"]
[SourceTitle "CBM 017"]
[Source "ChessBase"]
[SourceDate "1990.08.01"]
[SourceVersion "1"]
[SourceVersionDate "1990.08.01"]
[SourceQuality "1"]

1. Nf3 d5 2. c4 dxc4 3. Qa4+ Nd7 4. g3 c6 5. Qxc4 e5 6. Bg2 Bd6 7. O-O Ngf6 8.
Qc2 (8. d3 O-O 9. Nbd2 Nb6 10. Qc2 Nfd5 11. b3 f5 $6 (11... f6 12. Bb2 Qe7) 12.
Bb2 Qe7 13. e4 fxe4 14. dxe4 Nc7 15. a4 Bg4 16. Nh4 {/\ Nf5} g6 17. a5 Nd7 18.
Nc4 Bc5 19. h3 Bh5 20. b4 Bxb4 21. Qb3 Ne6 22. g4 Qxh4 23. Nxe5 Nxe5 24. Qxe6+
Nf7 25. gxh5 {Smyslov-Antoshin, Moskau 1967}) 8... O-O 9. Nc3 Re8 10. d4 h6 11.
Rd1 Qe7 12. e3 Bb4 13. dxe5 1/2-1/2

[Event "Bishkek zt"]
[Site "Bishkek"]
[Date "1993.??.??"]
[Round "?"]
[White "Kantsler, Boris"]
[Black "Serper, Grigory"]
[Result "0-1"]
[WhiteElo "2445"]
[BlackElo "2590"]
[Annotator "Horn,Pe"]
[PlyCount "104"]
[EventDate "1993.??.??"]
[EventType "tourn"]
[EventRounds "13"]
[EventCountry "KGZ"]
[EventCategory "7"]
[SourceTitle "CBM 035"]
[Source "ChessBase"]
[SourceDate "1993.08.01"]
[SourceVersion "1"]
[SourceVersionDate "1993.08.01"]
[SourceQuality "1"]

1. Nf3 d5 2. g3 c5 3. Bg2 Nc6 4. O-O e5 5. c4 d4 6. d3 Nge7 7. e3 (7. Na3) 7...
Ng6 8. exd4 exd4 9. Ng5 $2 (9. Na3 Be7 10. Nc2 a5 11. Rb1 O-O 12. a3 a4 (12...
Bf5 13. Bd2 a4) 13. b4 axb3 14. Rxb3 {Besser-Lemaire,Eupen 1967} Na5 15. Rb1
Bd7 $17 {R.Maric}) (9. Ne1 {/\f4}) 9... Be7 10. Re1 (10. f4) (10. h4) 10... O-O
11. Qh5 $2 Bxg5 (11... h6 $2 12. Nxf7 Kxf7 13. Bd5+ $18) 12. Bxg5 (12. Qxg5
Qxg5 13. Bxg5 Nb4) 12... Qb6 $1 13. Bc1 Nb4 14. Qd1 Bf5 15. Be4 (15. Bf1 Rae8
16. Rxe8 Rxe8 17. a3 Nxd3 18. Bxd3 Bxd3 19. Qxd3 Re1+ $19) 15... Bxe4 16. Rxe4
(16. dxe4 d3 17. Na3 Rad8 $17) 16... f5 17. Re2 f4 18. a3 Nc6 19. Bxf4 Nxf4 20.
gxf4 Rxf4 21. Nd2 Raf8 22. Rb1 Qc7 23. Qe1 R4f5 24. Re8 Qf4 25. Qe6+ Kh8 26.
Rxf8+ Rxf8 27. Qe2 Ne5 28. Kg2 Qg5+ 29. Kh1 Qf5 30. Ne4 Nf3 31. Qf1 Re8 32. Ng3
Qf4 33. Rd1 Nh4 34. Kg1 Rf8 35. Qe2 Nf3+ 36. Kg2 Qg4 37. Rf1 Nh4+ 38. Kg1 Nf3+
39. Kg2 b6 40. h3 Nh4+ 41. Kh2 Nf3+ 42. Kg2 Qg5 43. Qe6 h6 44. b4 Ne5 45. Qd6
Rd8 46. f4 Rxd6 47. fxg5 Nxd3 48. Rf8+ Kh7 49. Rf7 Ne5 50. Rxa7 d3 51. gxh6 d2
52. Rxg7+ Kh8 0-1

[Event "URS-sf Russia-ch"]
[Site "Gorky"]
[Date "1989.??.??"]
[Round "?"]
[White "Tunik, Gennady"]
[Black "Kuporosov, Viktor"]
[Result "1/2-1/2"]
[WhiteElo "2470"]
[BlackElo "2445"]
[Annotator "Horn,Pe"]
[PlyCount "26"]
[EventDate "1989.11.??"]
[EventType "tourn"]
[EventRounds "13"]
[EventCountry "URS"]
[EventCategory "7"]
[SourceTitle "CBM 016"]
[Source "ChessBase"]
[SourceDate "1990.06.01"]
[SourceVersion "1"]
[SourceVersionDate "1990.06.01"]
[SourceQuality "1"]

1. Nf3 d5 2. c4 dxc4 3. Na3 a6 4. Nxc4 b5 5. Ne3 Bb7 6. a4 (6. g3 Nf6 7. Bg2 e6
8. O-O Be7 9. d3 O-O 10. a4 c5 11. Qb3 $14 {Kostic-Przepiorka, Meran 26}) 6...
Nd7 7. d4 e6 8. g3 Ngf6 9. Bg2 Bd6 10. Qb3 Rb8 11. axb5 axb5 12. O-O O-O 13.
Rd1 c5 1/2-1/2